[Event "Stockholm Chess Challenge 2018"]
[Site "Stockholm"]
[Date "2018.05.04"]
[Round "7"]
[White "Haria, Ravi"]
[Black "Maiorov, Nikita"]
[Result "0-1"]
[WhiteElo "2441"]
[BlackElo "2543"]
[Annotator "TA"]
[PlyCount "131"]
[EventDate "2018.??.??"]
[EventCountry "SWE"]
[SourceTitle "playchess.com"]
[Source "ChessBase"]
[SourceQuality "1"]

{[%evp 18,131,14,16,37,13,33,9,25,11,38,15,43,29,35,23,49,7,13,19,33,32,34,32,28,20,29,27,33,14,9,-2,23,-13,39,23,30,7,0,7,0,8,45,0,0,3,2,9,15,0,5,0,0,0,0,0,-6,-47,-48,-26,0,0,0,-10,-10,-14,-6,-6,-5,-7,0,-6,6,0,0,0,0,0,0,0,0,0,0,0,0,0,0,-66,0,0,0,0,0,0,0,-37,0,-44,-51,-77,-83,-243,-241,-235,-233,-243,-243,-239,-213,-213,-213,-441,-464,-428,-416,-619]} 1. Nf3 Nf6 2. g3 b6 3. Bg2 Bb7 4. c4 e6 5. O-O Be7 6. b3 O-O 7. Bb2 d5 8. e3 Nbd7 9. Nc3 Re8 {A14: English Opening: 1...e6 with b3 by White} (9... Ne4 10. Ne2 Bf6 11. d4 c5 12. cxd5 exd5 13. Nf4 c4 14. Nd2 cxb3 15. Nxd5 Bxd5 16. Bxe4 Bxe4 17. Nxe4 bxa2 18. Rxa2 {1-0 (34) Wei,Y (2734)-Bacrot,E (2718) Liaocheng 2018}) 10. Qe2 {LiveBook: 6 Games} Ne4 11. d4 Ndf6 {The position is equal.} 12. Nd2 Nxd2 13. Qxd2 Rb8 14. Qd3 $146 ({Predecessor:} 14. Rac1 dxc4 15. Bxb7 Rxb7 16. bxc4 c5 17. d5 Rd7 {1-0 (35) Regan,N (2056)-Wilson,J (1888) England 2015}) 14... Bb4 15. Rfd1 Qd7 16. Rac1 Red8 17. a3 Bf8 18. Nb1 {[%cal Bc3b1,Bb1d2,Bd2f3,Bf3e5,Be5d3,Bd3f4][%mdl 32]} Be7 19. Nd2 Qc8 20. cxd5 exd5 21. Nf3 c6 {[%cal Bc7c6,Bc6c5][%mdl 32]} 22. Ne5 Qe6 23. Rc2 c5 24. Qf1 Bf8 25. Nd3 {[%cal Rd4c5]} Ne4 (25... Ba6 $11) 26. Nf4 Qe8 27. Rdc1 c4 28. bxc4 Ba6 $1 29. Qd3 Nf6 {[%cal Be4f6,Bf6d7,Bd7b6,Bb6a4][%mdl 32]} 30. Qf5 {[%cal Rc4d5]} (30. e4 $5 dxe4 31. Qb3 $14) 30... Bxc4 31. e4 {next e5 is good for White.} b5 {[%cal Rf6e4]} 32. e5 Qd7 $1 {[%cal Rd7f5]} 33. Qxd7 Nxd7 34. Bxd5 Nb6 35. Bc6 Na4 36. Ba1 Bxa3 37. Re1 {And now Rxc4! would win.} Nb6 38. d5 Bxd5 {Threatens to win with ...Bb3.} 39. Bxb5 Bb4 40. Rec1 Be4 41. Rc7 {Black must now prevent e6.} Nd5 42. Nxd5 Bxd5 43. Bc4 Bxc4 44. R7xc4 a5 45. Bd4 h5 46. Kf1 Rd5 47. f4 Rbd8 48. Be3 Rd3 49. Ke2 Bd2 50. Bxd2 Rxd2+ $11 {[%mdl 4096] Endgame KRR-KRR} 51. Ke3 Rxh2 52. Rc7 (52. Rc8 $11 Rxc8 53. Rxc8+ Kh7 54. f5) 52... Rdd2 (52... Rh3 $15 53. Rg1 Ra8) 53. Rc8+ Kh7 54. Ke4 g6 55. R1c7 Kg7 {aiming for ...Rhe2+.} 56. Ra8 Rhe2+ 57. Kf3 {[#]} g5 $1 {[%mdl 512]} 58. fxg5 Rxe5 59. Raa7 $2 {[#]} (59. Rcc8 $17 Kg6 60. Kf4 Rf5+ 61. Ke3) 59... Rf5+ $1 $19 ({Less strong is} 59... Rxg5 60. Rxf7+ Kg8 61. Rfe7 $15) 60. Ke3 Rdd5 61. Ke4 Rde5+ ({Worse is} 61... Rxg5 62. Rxf7+ Kg8 63. Rfe7 $11) 62. Kd4 Re6 ({Not} 62... Rxg5 63. Rxf7+ Kg8 64. Rfd7 $17) 63. Rc8 Rxg5 64. Rca8 $2 (64. Rc3 {is a better defense.}) 64... Rg4+ 65. Kd5 Rxg3 66. Kd4 {Precision: White = 41%, Black = 59%.} (66. Rxa5 $142 h4 67. Ra2) 0-1

[Event "Stockholm Chess Challenge 2018"]
[Site "Stockholm"]
[Date "2018.05.04"]
[Round "7"]
[White "Sankalp Gupta"]
[Black "Thorn, Eric"]
[Result "1-0"]
[WhiteElo "2374"]
[BlackElo "2312"]
[Annotator "TA"]
[PlyCount "95"]
[EventDate "2018.??.??"]
[EventCountry "SWE"]
[SourceTitle "playchess.com"]
[Source "ChessBase"]
[SourceQuality "1"]

{[%evp 16,95,-14,-20,-31,-54,-66,-61,-62,-59,-57,-60,-61,-69,-69,-98,-74,-92,-75,-71,-68,-83,-70,-94,-98,-114,0,0,0,0,0,0,0,0,0,-33,0,0,0,0,125,101,126,115,137,137,137,137,245,222,476,476,571,580,535,561,553,489,614,566,29983,29984,29984,29981,29981,29982,29981,29982,29982,29983,29983,29984,29984,29984,29984,29985,29985,29986,29986,29987,29987,29988]} 1. c4 Nf6 2. g3 e6 3. Bg2 d5 4. Nf3 Be7 5. O-O O-O 6. cxd5 exd5 7. d3 c5 8. b3 Nc6 9. Bb2 {LiveBook: 5 Games} d4 {A14: English Opening: 1...e6 with b3 by White} 10. Nbd2 Nd5 11. Re1 $146 ({Predecessor:} 11. a3 Bg4 12. Rc1 Qd7 {0-1 (26) Sliwa,B (2500)-Morgado,J (2540) corr 1997}) 11... Bg4 {Black is slightly better.} 12. a3 Rc8 13. Rc1 b6 14. Qc2 Re8 15. Qb1 Bf8 16. h3 Bf5 17. b4 cxb4 18. Rxc6 Rxc6 19. Nxd4 Rf6 20. Bxd5 {[#] aiming for Ne4.} Qxd5 ({Black should play} 20... bxa3 $17 21. Ba1 (21. Nxf5 $2 Rxf5 22. Bc6 Re6 $19) 21... Qxd5) 21. e4 $11 Qd7 22. Nxf5 Rxf5 23. exf5 {Strongly threatening Rxe8.} Rxe1+ 24. Qxe1 {[#] Threatens to win with axb4.} bxa3 25. Ba1 Qxd3 26. f6 g6 27. Qe3 Qxe3 (27... Qd7 $11 {keeps the balance.}) 28. fxe3 $16 Bb4 29. Ne4 b5 30. Kf1 a5 31. Ke2 Bf8 (31... Kf8 $16 {keeps fighting.} 32. Kd3 Ke8) 32. Kd1 b4 $2 (32... Bb4 33. Kc2 Kf8) 33. Kc2 $18 a4 {intending ...b3+.} 34. Bd4 b3+ 35. Kb1 Bb4 36. Nc5 a2+ 37. Ka1 Bxc5 38. Bxc5 {[%mdl 4096] Endgame KB-KP. White mates.} g5 39. Kb2 g4 40. hxg4 h6 41. e4 {[%cal Be3e4,Be4e5][%mdl 32]} Kh7 42. e5 Kg6 43. Bd4 a1=N 44. Kxa1 a3 45. Bc5 b2+ 46. Kb1 a2+ 47. Kxa2 b1=B+ 48. Kxb1 {Precision: White = 77%, Black = 46%.} 1-0

[Event "Stockholm Chess Challenge 2018"]
[Site "Stockholm"]
[Date "2018.05.04"]
[Round "7"]
[White "Storme, Isak"]
[Black "Kucuksari, Kaan"]
[Result "0-1"]
[WhiteElo "2323"]
[BlackElo "2251"]
[Annotator "TA"]
[PlyCount "64"]
[EventDate "2018.??.??"]
[EventCountry "SWE"]
[SourceTitle "playchess.com"]
[Source "ChessBase"]
[SourceQuality "1"]

{[%evp 24,64,29,17,69,58,63,-25,-28,-76,-83,-239,-237,-453,-422,-554,-543,-762,-795,-784,-777,-773,-766,-754,-730,-706,-665,-822,-851,-805,-467,-482,-433,-979,-926,-811,-376,-683,-432,-420,-430,-930,-916]} 1. e4 c5 2. Nf3 e6 3. d4 cxd4 4. Nxd4 a6 5. Bd3 Bc5 6. Nb3 Be7 7. O-O d6 8. Nc3 Nf6 9. f4 Nbd7 10. Qf3 Qc7 11. a4 b6 12. Bd2 Bb7 13. Rae1 {LiveBook: 11 Games. B43: Sicilian: Kan Variation: 5 Nc3} h6 (13... g6 $11) 14. Qg3 {[#] aiming for e5.} g5 $146 ({Predecessor:} 14... g6 15. Kh1 O-O-O 16. Qf2 Nc5 17. Nd4 d5 18. exd5 Nxd5 19. Nxd5 Rxd5 20. Bc4 Rd7 21. Bc3 Rhd8 22. b3 Nxa4 23. Ba1 Nc5 24. Nf3 b5 25. Bd3 Qxf4 26. Ne5 Qxf2 27. Rxf2 Bh4 {0-1 (27) Pirttimaki,T (2220)-Kengis,E (2560) Estonia 2004}) 15. fxg5 (15. f5 $1 $14) 15... hxg5 $11 16. Bxg5 O-O-O 17. h4 $2 {[#]} (17. Qf4 $17) 17... Rdg8 $1 $19 18. Qf3 $2 (18. Qf2 Ng4 19. Qxf7 Bxg5 20. hxg5) 18... Ne5 19. Qe2 Nfg4 20. Rf4 Bxg5 21. hxg5 f5 22. Qd2 Rxg5 23. Kf1 Rh2 24. Nd4 Qf7 25. b4 Qg8 {[#] Hoping for ...Ne3+.} 26. Nd1 Qe8 27. b5 a5 28. Nf3 (28. Qc3+ $142 Kb8 29. Qa3) 28... Nxf3 29. Rxf3 Rg8 (29... Qh5 $142 {And now ...Ne5 would win.} 30. Qc3+ Kd7) 30. Rh3 $2 (30. Qf4 Kc7 31. Nc3) 30... Rxh3 31. gxh3 Ne5 32. Qf4 (32. Qh6 $142 Nf3 33. Kf2 Nxe1 34. Kxe1) 32... fxe4 {Precision: White = 17%, Black = 71%.} 0-1

[Event "Stockholm Chess Challenge 2018"]
[Site "Stockholm"]
[Date "2018.05.04"]
[Round "7"]
[White "Pantzar, Milton"]
[Black "Srinath, Rao S.V"]
[Result "0-1"]
[WhiteElo "2295"]
[BlackElo "2363"]
[Annotator "NA"]
[PlyCount "58"]
[EventDate "2018.??.??"]
[EventCountry "SWE"]
[SourceTitle "playchess.com"]
[Source "ChessBase"]
[SourceQuality "1"]

1. g3 Nf6 2. Bg2 e5 3. d3 d5 4. Nf3 Bd6 5. O-O h6 {A00: Irregular Openings} (5... O-O 6. c4 c6 7. Bg5 dxc4 8. dxc4 h6 9. Bc1 Qe7 10. Nc3 Rd8 11. Qc2 e4 12. Nd4 Bxg3 13. hxg3 Rxd4 14. Be3 Rxc4 {0-1 (60) Fridman,D (2633)-Fedorchuk,S (2648) Katowice 2017}) 6. Nc3 c6 7. e4 O-O 8. exd5 cxd5 9. Re1 $146 ({Predecessor:} 9. Nb5 Nc6 10. Nxd6 Qxd6 11. b3 Bg4 12. h3 Bxf3 13. Bxf3 d4 14. Bd2 Nd5 15. Re1 {0-1 (41) Pel,B (2284)-Hausrath,D (2534) Netherlands 2014}) 9... Nc6 10. Nd2 Bg4 11. Ne2 Qc8 12. c3 Qf5 13. Nb3 Rfe8 14. Be3 Rad8 15. Qc2 d4 16. Bd2 dxc3 17. bxc3 Rc8 18. f3 Bxf3 19. Rf1 e4 20. Ned4 Nxd4 21. Nxd4 Qc5 22. Qb3 Be5 23. Bxf3 Bxd4+ 24. cxd4 Qxd4+ 25. Kh1 exf3 26. Qxb7 $19 Qxd3 27. Bf4 Ne4 28. Qxa7 Qe2 29. Qg1 Rc2 0-1

[Event "Stockholm Chess Challenge 2018"]
[Site "Stockholm"]
[Date "2018.05.04"]
[Round "7"]
[White "Kantane, Anna"]
[Black "Firat, Burak"]
[Result "1/2-1/2"]
[WhiteElo "2266"]
[BlackElo "2446"]
[Annotator "TA"]
[PlyCount "62"]
[EventDate "2018.??.??"]
[EventCountry "SWE"]
[SourceTitle "playchess.com"]
[Source "ChessBase"]
[SourceQuality "1"]

{[%evp 20,62,0,-10,0,-17,-6,-6,0,-27,0,-7,-7,-18,-9,-19,-8,-15,-2,-15,-15,-22,-10,-11,-11,-17,0,-4,-6,-18,0,0,0,0,0,0,48,21,55,44,82,84,88,84,98]} 1. e4 c5 2. Nf3 Nc6 3. d4 cxd4 4. Nxd4 Nf6 5. Nc3 d6 6. Bc4 e6 7. O-O Be7 8. a3 O-O 9. Ba2 Nxd4 10. Qxd4 b6 11. Kh1 Bb7 {B88: Sicilian: Sozin Attack} 12. f3 d5 $146 ({Predecessor:} 12... Qc7 13. Qd3 Rac8 14. Bf4 Nd7 15. Rad1 Ne5 16. Qe2 Rfd8 17. Bc1 a6 18. f4 Nc4 19. Rd3 {0-1 (48) Uskova,F (2310)-Galliamova,A (2475) Yerevan 1996}) 13. exd5 Nxd5 {The position is equal.} 14. Nxd5 exd5 (14... Bxd5 {is interesting.} 15. Bxd5 Bf6 16. Qa4 Qxd5 17. c3 b5) 15. Rd1 Bf6 16. Qf2 Re8 17. c3 Re6 18. Bf4 Qe7 19. Rd2 Re8 {[#] Hoping for ...Re1+.} 20. Bg3 (20. Bxd5 Bxd5 21. Rxd5 Re2 $17) 20... g6 21. Rad1 Kg7 22. h3 ({Of course not} 22. Bxd5 Bxd5 23. Rxd5 Re2 $17) 22... h5 23. h4 Bc6 24. Bb3 Re2 25. Rxe2 Qxe2 26. Rd2 Qxf2 (26... Qb5 {with more complications.} 27. Ba2 Bb7 28. Bf4 Kg8 29. Kh2 Qd7) 27. Bxf2 b5 28. Kg1 a6 29. Kf1 g5 30. hxg5 ({Much weaker is} 30. Bxd5 $6 Rd8 $11) 30... Bxg5 31. Rd1 ({And not} 31. Bxd5 Bxd2 32. Bxc6 Re6 $15) 31... Rd8 {Precision: White = 69%, Black = 35%.} 1/2-1/2

[Event "Stockholm Chess Challenge 2018"]
[Site "Stockholm"]
[Date "2018.05.04"]
[Round "7"]
[White "Sorensen, Hampus"]
[Black "Seo, Jung Min"]
[Result "0-1"]
[WhiteElo "2243"]
[BlackElo "2349"]
[Annotator "ChessBase"]
[PlyCount "84"]
[EventDate "2018.??.??"]
[EventCountry "SWE"]
[SourceTitle "playchess.com"]
[Source "ChessBase"]
[SourceQuality "1"]

1. d4 d5 2. c4 c6 3. Nf3 Nf6 4. Nc3 e6 5. e3 Be7 6. Bd3 Nbd7 7. O-O O-O 8. e4 dxe4 9. Nxe4 b6 10. b3 Bb7 11. Bb2 c5 12. Qe2 cxd4 13. Bxd4 Nc5 14. Nxc5 Bxc5 15. Bb2 Bxf3 16. Qxf3 Bd4 17. Bxd4 Qxd4 18. Rfd1 Qb2 19. Qe2 Qa3 20. Rd2 Rfd8 21. Rad1 Qe7 22. h3 h6 23. Bc2 Rxd2 24. Qxd2 Rc8 25. b4 Rxc4 26. Qd8+ Qf8 27. Bb3 Rc8 28. Qd4 Qe7 29. a4 Qc7 30. Rd3 Kf8 31. f4 Ke7 32. Qf2 Qc1+ 33. Rd1 Qc3 34. Ba2 Qxb4 35. Qf3 Qc5+ 36. Kh1 Kf8 37. Qb7 Qc7 38. Qf3 Rd8 39. Re1 g6 40. Qg3 Nh5 41. Qa3+ Qd6 42. Qc3 Kg8 0-1

[Event "Stockholm Chess Challenge 2018"]
[Site "Stockholm"]
[Date "2018.05.04"]
[Round "7"]
[White "Pranav Anand"]
[Black "Reshef, Omer"]
[Result "0-1"]
[WhiteElo "2158"]
[BlackElo "2482"]
[Annotator "TA"]
[PlyCount "44"]
[EventDate "2018.??.??"]
[EventCountry "SWE"]
[SourceTitle "playchess.com"]
[Source "ChessBase"]
[SourceQuality "1"]

{[%evp 20,44,-26,-25,-23,-66,-65,-77,-33,-35,-33,-27,-32,-28,-35,-79,-56,-168,-169,-546,-546,-539,-532,-779,-770,-921,-687]} 1. d4 Nf6 2. c4 e6 3. Nf3 d5 4. Nc3 Be7 5. Bf4 O-O 6. e3 b6 7. Bd3 Bb7 8. h3 c5 9. O-O Nc6 10. a3 cxd4 11. exd4 Rc8 {E12: Queen's Indian: Unusual White 4th moves, 4 a3, 4 Nc3 Bb7 5 a3 and 4 Nc3 Bb7} 12. b3 $146 ({Predecessor:} 12. cxd5 Nxd5 13. Nxd5 Qxd5 14. Re1 Rfd8 15. Be4 Qh5 16. Ne5 Qxd1 17. Raxd1 Bf6 18. b4 Ba8 19. Nxc6 Bxc6 20. Bxc6 Rxc6 {½-½ (30) Bisguier,A (2445)-Peters,J Lone Pine,CA 1979}) 12... Na5 {[%cal Rd5c4]} 13. Ne5 Ba6 {Black is better.} 14. Nb5 dxc4 $1 15. bxc4 Bxb5 16. cxb5 Qd5 17. Qa4 Bd6 {[%cal Be7d6,Bd6e5,Be5d4][%mdl 32]} 18. Rfd1 {[#]} ({White should try} 18. Rac1 $15) 18... Ne4 $1 $19 {[%cal Re4c3] ...Nc3 is the strong threat.} 19. Bxe4 $2 (19. Re1 {is tougher.} Nc3 20. Qc2) 19... Qxe4 {Black is clearly winning.} 20. Bd2 Bxe5 21. Bb4 Bxd4 22. Re1 Qc2 {Precision: White = 19%, Black = 85%.} 0-1

[Event "Stockholm Chess Challenge 2018"]
[Site "Stockholm"]
[Date "2018.05.04"]
[Round "7"]
[White "Jeferli, MohammedAli"]
[Black "Crevatin, Leo"]
[Result "0-1"]
[WhiteElo "1934"]
[BlackElo "2157"]
[Annotator "NA"]
[PlyCount "44"]
[EventDate "2018.??.??"]
[EventCountry "SWE"]
[SourceTitle "playchess.com"]
[Source "ChessBase"]
[SourceQuality "1"]

1. d4 d5 2. c4 c6 3. Nc3 Nf6 4. Nf3 e6 5. e3 Nbd7 6. Qc2 Bd6 7. Bd3 dxc4 8. Bxc4 O-O 9. O-O b5 10. Bd3 Bb7 11. Rd1 Qe7 12. e4 e5 13. d5 b4 14. dxc6 Bxc6 15. Nd5 Bxd5 16. exd5 e4 17. Re1 exd3 18. Qc6 Ne5 19. Nxe5 Bxe5 20. f4 Bd4+ 21. Kf1 Qc5 22. Qxc5 Bxc5 0-1

[Event "Stockholm Chess Challenge 2018"]
[Site "Stockholm"]
[Date "2018.05.05"]
[Round "8"]
[White "Maiorov, Nikita"]
[Black "Kobo, Ori"]
[Result "0-1"]
[WhiteElo "2543"]
[BlackElo "2484"]
[Annotator "TA"]
[PlyCount "76"]
[EventDate "2018.??.??"]
[EventCountry "SWE"]
[SourceTitle "playchess.com"]
[Source "ChessBase"]
[SourceQuality "1"]

{[%evp 10,76,18,0,-5,-15,-3,-4,-8,-14,-6,-13,0,-12,-20,-18,-19,-6,-13,-33,0,-20,35,21,66,10,25,0,35,35,42,38,40,29,29,27,39,-14,-5,5,51,15,4,9,14,-79,-79,-83,-60,-103,-84,-163,-155,-155,-152,-254,-251,-407,-403,-414,-415,-413,-398,-29993,-29994,-29995,-29996,-29996,-29997]} 1. d4 Nf6 2. c4 e6 3. Nf3 Bb4+ 4. Bd2 a5 5. Nc3 b6 6. Bg5 {[%cal Bd2g5,Bg5h4,Bh4g3][%mdl 32]} h6 {E11: Bogo-Indian} (6... Bb7 7. e3 d6 8. Nd2 Nbd7 9. a3 Bxc3 10. bxc3 Nf8 11. Qa4+ Qd7 12. Qc2 Ng6 13. f3 Qe7 14. Bd3 {1-0 (49) Georgiev,K (2644)-Bogdanovich,S (2574) Konya 2017}) 7. Bh4 g5 8. Bg3 Ne4 {The position is equal.} 9. Qc2 Bb7 10. e3 d6 11. Nd2 Bxc3 12. bxc3 Nxg3 13. hxg3 Nd7 14. Rh2 $146 ({Predecessor:} 14. Rb1) 14... Qf6 15. Be2 Ke7 ({Better is} 15... h5 $11) 16. g4 $14 Rac8 17. Bf3 ({White should play} 17. Nf1 $14) 17... Ba6 $11 18. Bc6 Nb8 19. Ba4 c6 {[%cal Bc7c6,Bc6c5][%mdl 32] Threatening ...b5.} 20. Qb2 Nd7 21. Ne4 Qg6 22. Bc2 {Threatens to win with Nxd6!} Qg7 23. Qa3 (23. Bd3 $14) 23... c5 24. Bd3 Nf6 25. Nxf6 (25. Rb1 $5 {[%cal Re4f6]} Bxc4 26. Bxc4 Nxe4 27. Bd3 $14) 25... Qxf6 26. Rb1 Rb8 27. Ke2 (27. Qa4 $11 {remains equal.}) 27... e5 $17 28. Qa4 Qe6 {Strongly threatening ...e4.} 29. d5 Qxg4+ 30. f3 (30. Kd2 $17) 30... Qg3 $19 31. Rbh1 {[#]} h5 $1 {[%mdl 512]} 32. Qd1 (32. Kd2 $17 {keeps fighting.}) (32. Rxh5 Qxg2+) 32... b5 33. Kf1 $2 (33. Qe1 Qxe1+ 34. Kxe1) 33... e4 34. Bxe4 b4 35. cxb4 Rxb4 {[%cal Bb8b4,Bb4b2,Bb2c2][%mdl 32]} 36. Rxh5 $2 {[#]} (36. Bd3 $19 Rb2 37. Qe1 Qxe1+ 38. Kxe1) 36... Rb2 $1 {[%csl Gb2][%cal Rg3f2][%mdl 512] Black mates.} 37. Bc2 Bxc4+ 38. Kg1 {[#]} Rxc2 $1 {[%mdl 512] Precision: White = 32%, Black = 58%.} 0-1

[Event "Stockholm Chess Challenge 2018"]
[Site "Stockholm"]
[Date "2018.05.05"]
[Round "8"]
[White "Kantans, Toms"]
[Black "Sankalp Gupta"]
[Result "1-0"]
[WhiteElo "2510"]
[BlackElo "2374"]
[Annotator "TA"]
[PlyCount "79"]
[EventDate "2018.??.??"]
[EventCountry "SWE"]
[SourceTitle "playchess.com"]
[Source "ChessBase"]
[SourceQuality "1"]

{[%evp 23,79,46,49,22,0,0,0,0,0,0,0,0,0,0,0,0,0,0,0,0,-6,-6,-7,0,0,0,0,0,79,68,82,79,80,77,72,81,183,151,145,119,107,110,247,243,442,441,443,440,437,412,431,415,550,552,525,549,530,535]} 1. e4 c5 2. Nf3 Nc6 3. d4 cxd4 4. Nxd4 Nf6 5. Nc3 e5 6. Ndb5 d6 7. Bg5 a6 8. Na3 b5 9. Bxf6 gxf6 10. Nd5 f5 11. Bd3 Be6 12. c3 Bg7 13. Nxb5 {B33: Sicilian: Pelikan and Sveshnikov Variations} axb5 14. Bxb5 Rc8 {Hoping for ...0-0.} (14... Bd7 15. exf5 O-O 16. O-O e4 17. a4 Re8 18. Qg4 Kh8 19. Qf4 Be5 20. Qh6 Rc8 {0-1 (28) Tari,A (2593)-Zhigalko,S (2641) Katowice 2017}) 15. Qa4 {The position is equal.} Bd7 $1 16. exf5 O-O 17. O-O e4 $1 18. Qxe4 Re8 $1 {[%cal Re8e4]} 19. Qa4 Re5 20. Rad1 Rxf5 21. Rfe1 $146 Re5 22. Rxe5 Nxe5 23. Bxd7 Nxd7 24. Qc2 Rc5 25. Ne3 Qf6 {[#]} (25... Nb6 $11 {keeps the balance.}) 26. Qd3 $1 $16 Ne5 27. Qxd6 Qxd6 28. Rxd6 Kf8 29. Kf1 Nc6 (29... Nc4 $16 30. Nxc4 Rxc4) 30. f4 Ke7 31. Rd3 Ra5 32. a3 Nd8 (32... Ke6 $16) 33. b4 $18 Ra8 $2 {[#]} (33... Rxa3 34. Nf5+ Kf6) 34. Nd5+ Kf8 35. Nb6 Rxa3 36. Rxd8+ Ke7 37. Rd3 Ke6 38. Re3+ {White is clearly winning.} Kf5 39. Nd5 h5 40. Ke2 {Precision: White = 86%, Black = 48%.} 1-0

[Event "Stockholm Chess Challenge 2018"]
[Site "Stockholm"]
[Date "2018.05.05"]
[Round "8"]
[White "Reshef, Omer"]
[Black "Blomqvist, Erik"]
[Result "0-1"]
[WhiteElo "2482"]
[BlackElo "2494"]
[Annotator "TA"]
[PlyCount "116"]
[EventDate "2018.??.??"]
[EventCountry "SWE"]
[SourceTitle "playchess.com"]
[Source "ChessBase"]
[SourceQuality "1"]

{[%evp 10,116,6,8,7,1,16,-27,-25,-37,-37,-67,-70,-67,-65,-64,-8,-39,-44,-39,-21,-39,-18,-19,-9,-21,-8,0,0,-46,-46,-101,-20,-44,-31,-22,-27,-38,-45,-29,-22,-31,-39,-197,-201,-200,-192,-181,-149,-140,-133,-198,-143,-264,-184,-184,-183,-195,-191,-193,-150,-138,0,-209,-205,-209,-200,-209,-217,-197,-200,-411,-409,-404,-419,-400,-216,-350,-338,-346,-323,-336,-296,-377,-380,-401,-385,-383,-357,-370,-354,-375,-350,-393,-379,-577,-562,-532,-519,-696,-660,-698,-708,-623,-547,-480,-333,-4930,-1779]} 1. e4 c5 2. Nf3 e6 3. g3 Nf6 (3... Nc6 4. Bg2 Nf6 5. d3 d5 6. Nbd2 Be7 7. O-O O-O 8. Re1 b5 9. e5 Nd7 10. Nf1 Bb7 11. h4 Qc7 12. Bf4 Rfc8 13. Ne3 Qd8 14. Ng4 Bf8 15. Bg5 Qe8 16. c3 h6 17. Bf4 a5 18. Qd2 b4 19. c4 Ne7 20. h5 {1-0 (59) Kuzubov,Y (2699)-Grischuk,A (2772) Riadh 2017}) 4. Nc3 d5 5. exd5 exd5 6. d4 {LiveBook: 4 Games. B40: Sicilian: 2...e6, Unusual lines} Bg4 {Strongly threatening ...Qe7+.} 7. Bg2 cxd4 8. Ne2 $146 {The position is equal.} ({Predecessor:} 8. Qxd4 Nc6 9. Qa4 Bd7 10. O-O Be7 11. Re1 {0-1 (38) Bezgodova,M (2093)-Shaposhnikov,E (2550) Kazan 2010}) 8... Bb4+ 9. Bd2 Bc5 10. h3 Bxf3 $1 11. Bxf3 Nc6 {[%cal Bb8c6,Bc6e5,Be5c4][%mdl 32]} 12. O-O h6 (12... Ne4 $15) 13. b4 Bb6 14. a4 a6 15. b5 Ne5 16. Bg2 a5 17. Bf4 Nc4 18. Nxd4 O-O 19. c3 Re8 20. Qc2 (20. Qd3 $15) 20... Rc8 (20... g5 $17 21. Bc1 Ne4) 21. Rfe1 $11 g5 22. Rxe8+ Qxe8 23. Qf5 Bxd4 24. cxd4 Qe6 $36 {[%mdl 2048] Black has the initiative.} 25. Qxe6 fxe6 26. Be5 $2 (26. Bc1 $1 $15) 26... Nxe5 $19 27. dxe5 {[%mdl 4096] Endgame KRB-KRN} Nd7 28. f4 gxf4 29. gxf4 Kf7 30. Rd1 (30. f5 $17) 30... Nb6 (30... Rc4 $19 31. f5 Nb6) 31. Rd4 (31. Bf1 $17) 31... Rc2 32. Bf3 Ra2 33. Bd1 Ke7 34. h4 Rb2 35. Bh5 Ra2 (35... Rb3 $17 36. Bd1 Ra3) 36. Bd1 Nc4 37. Bb3 {[#]} Ra3 $1 {[%cal Ra3b3]} 38. Bc2 Rh3 39. Bd3 Nb2 (39... Rxh4 40. Bxc4 dxc4 41. Rxc4 $11) 40. Bh7 $2 (40. Be2) 40... Rxh4 41. Kg2 Nc4 42. Kg3 {[#]} Rh1 (42... Nxe5 $142 $1 {[%mdl 512]} 43. Kxh4 (43. fxe5 Rxd4) 43... Nf3+ 44. Kh5 Nxd4 45. Kxh6 Nb3) 43. f5 (43. Kf2 $142) 43... Rg1+ (43... Nxe5 44. fxe6 Rg1+ 45. Kf2 $19) 44. Kf2 Rg5 ({Much less strong is} 44... Nxe5 45. fxe6 (45. f6+ $2 Kxf6 46. Rf4+ Kg5 $19) 45... Rg5 46. Bc2 $19) 45. fxe6 Kxe6 ({Don't do} 45... Nxe5 46. Rh4 $19) 46. Rf4 Kxe5 47. Rh4 h5 48. Bd3 Nd6 49. b6 d4 50. Kf3 Kd5 51. Rf4 Kc5 52. Rf6 (52. Rh4 {was called for.}) 52... Re5 {Hoping for ...Re3+.} 53. Kf4 Re3 54. Bh7 h4 {[%cal Bh5h4,Bh4h3,Bh3h2][%mdl 32]} 55. Rh6 h3 56. Rh5+ Kxb6 57. Rd5 Re6 58. Rxd4 $2 (58. Rh5) 58... h2 {Precision: White = 31%, Black = 66%.} 0-1